Представление документа в формате MARC21

ПолеНазваниеЗначение
  Тип записи a
  Библиографический уровень m
001 Контрольный номер RU\infra-m\znanium\bibl\2231456
005 Дата корректировки 20260429142250.6
008 Кодируемые данные 251226s2025 RU g rus u
020 Индекс ISBN __
a ISBN 978-5-369-01593-3
020 Индекс ISBN __
a ISBN 978-5-16-105264-8 (электр. издание)
020 Индекс ISBN __
a ISBN 978-5-16-011339-5 (ISBN соиздателя)
040 Источник каталогиз. __
a Служба первич. каталог. Общество с ограниченной ответственностью «ЗНАНИУМ»
041 Код языка издания __
a Код языка текста rus
044 Код страны публикации __
a Код страны публикации RU
080 Индекс УДК __
a Индекс УДК 001+1(075.8)
084 Индекс другой классификации/Индекс ББК __
2 Источник индекса rubbk
a Индекс другой классификации/Индекс ББК 72.3:87я73
084 Индекс другой классификации/Индекс ББК __
2 Источник индекса okso
a Индекс другой классификации/Индекс ББК 47.00.00
084 Индекс другой классификации/Индекс ББК __
2 Источник индекса okso
a Индекс другой классификации/Индекс ББК 47.03.01
100 Автор __
a Автор Оришев А.Б.
q Полное имя Оришев Александр Борисович
u Дополнение Российский государственный аграрный университет - МСХА им. К.А. Тимирязева
245 Заглавие __
a Заглавие История и философия науки
b Продолж. заглавия Учебное пособие
c Ответственность Российский государственный аграрный университет - МСХА им. К.А. Тимирязева
250 Сведения об издании __
a Основные сведения об издании 1
260 Выходные данные __
a Место издания Москва
b Издательство Издательский Центр РИОР
c Дата издания 2026
300 Физическое описание __
a Объем 206 с.
440 Серия __
a Серия ВО
520 Аннотация __
a Аннотация Учебное пособие предназначено для формирования общекультурных компетенций у магистрантов и аспирантов в процессе освоения образовательных программ. В отличие от других книг по истории и философии науки оно ориентировано на внедрение в учебный процесс балльно-рейтинговой системы для чего снабжено тестовыми заданиями списком актуальной философской литературы. Книга предназначена студентам обучающимся по программам магистратуры и аспирантам обучающимся по гуманитарным и естественно-научным программам подготовки научно-педагогических кадров высшей квалификации в аспирантуре а также преподавателям читающим курс «История и философия науки».
521 Примеч. о цел. назн. __
a Примеч. о целев. назн. ВО - Магистратура
650 Тематические рубрики __
a Основная рубрика Философия
x Основная подрубрика Философия науки и образования
655 Указ. предметных рубрик (устаревшее) __
a Жанр/ форма (устаревшее) Учебное пособие
700 Другие авторы __
a Другие авторы Ромашкин К.И.
q Полное имя Ромашкин Константин Игоревич
u Дополнение Российский государственный аграрный университет - МСХА им. К.А. Тимирязева
700 Другие авторы __
a Другие авторы Мамедов А.А.
q Полное имя Мамедов Азер Агабалаевич
u Дополнение Российский государственный аграрный университет - МСХА им. К.А. Тимирязева
856 Электронный адрес документа 4_
a Имя сервера/домена znanium.ru
m Помощь ebs_support@infra-m.ru
n Местонахождение сервера НИЦ ИНФРА-М
u URL https://znanium.ru/catalog/document?id=475547
856 Электронный адрес документа 48
a Имя сервера/домена znanium.ru
d Путь /cover/2231
f Электронное имя 2231456.jpg
q Тип электронного формата image/jpeg
u URL https://znanium.ru/cover/2231/2231456.jpg
911 __
u 0030=https://znanium.ru/catalog/document?id=475547